| 000 | 00879nam a2200265Ia 4500 | ||
|---|---|---|---|
| 003 | OSt | ||
| 005 | 20220918171615.0 | ||
| 006 | a|||||r|||| 00| 0 | ||
| 007 | ta | ||
| 008 | 220917b |||||||| |||| 00| 0 eng d | ||
| 020 |
_a9783319624426 (hbk) _cEURO 124.99 |
||
| 024 | _a324,820 | ||
| 037 |
_b8370, 16/02/2018, Efficient Book Distributors _cTextual |
||
| 040 |
_aARTS _cARTS _beng |
||
| 041 |
_2eng _aeng |
||
| 082 | _aV6, Q8 | ||
| 100 |
_aAdeniran Adebusuyi Ed. _937626 |
||
| 245 | 0 |
_aAfrica now _b emerging issues and alternative perspective |
|
| 260 |
_aCham _bPalgrave Switzerland _c2018 |
||
| 300 |
_axi,452p. _ccm. |
||
| 650 |
_aAFRICA - HISTORY _920294 |
||
| 700 |
_a Ikuteyijo Lanre Ed. _937627 |
||
| 942 |
_hV6, Q8 _cTEXL _2CC |
||
| 999 |
_c140369 _d140369 |
||